| 000 | 00415pab a2200157 454500 | ||
|---|---|---|---|
| 008 | 180718b2000 xxu||||| |||| 00| 0 eng d | ||
| 100 | _aMurthy, B. Kinnera | ||
| 245 | _aIntent and implementation on: a case of regulation in road transport | ||
| 260 | _c2000 | ||
| 300 | _ap.95-111 | ||
| 362 | _aMar | ||
| 650 | _aTransport | ||
| 650 | _aRoad transport | ||
| 773 | _aASCI Journal of Management | ||
| 909 | _a51086 | ||
| 999 |
_c51086 _d51086 |
||